| 000 | 00680nam a2200205 a 4500 | ||
|---|---|---|---|
| 001 | 12796 | ||
| 003 | CO-ViMGA | ||
| 008 | 141112s2004 ck r 000 u spa d | ||
| 020 | _a8480130474 | ||
| 040 |
_aCO-ViMGA _bspa _cCO-ViMGA |
||
| 082 | 0 | 4 | _a371.3 E761 |
| 100 | 1 |
_aLuque, Hoyos Francisco _918559 |
|
| 245 | 1 | 0 | _aGuia de Ejercicios Escolares con espalderas |
| 260 |
_aMadrid : _bGymnos, _c1996 |
||
| 300 | _a157p. : il. | ||
| 590 | _aForma de adquisición : COMPRA - - Precio : 31.900 - - Proveedor : TUCIDIDES PEREA - - Fecha de adquisición : 06 - 09 - 2000 | ||
| 650 | 1 | 4 | _aeducación FISICA - ENSEÑANZA |
| 650 | 1 | 4 |
_aEJERCICIOS DE FLEXIBILIDAD _918560 |
| 942 |
_2ddc _cBK |
||
| 999 |
_c23739 _d23739 |
||